000
00245nam a2200109Ia 4500
100
_a
Shaw/M.C
942
_c
BK
654
_a
Cutting
245
_a
Metal cutting Principles
260
_b
oxford & IBH Publishing
_a
Calcutta
_c
2001
546
_a
ENGLISH
999
_c
31477
_d
31477